000 00831nam a2200253Ia 4500
003 OSt
005 20221005093120.0
006 a|||||r|||| 00| 0
007 ta
008 221004b |||||||| |||| 00| 0 eng d
020 _a9780415771689 (hbk)
_c5991.3
024 _a86580
037 _b22677, 26/03/2007, Segment Book Distributors
_cTextual
040 _aCRL
_cCRL
_beng
041 _2eng
_aeng
082 _aW6:(Z,171), P7
100 _aWeinert Matthew S.
_9618107
245 0 _aDemocratic sovereignty
_b authority, legitimacy, and state in a globalizing age
260 _aNew York
_bUCL Press U S A
_c2007
300 _axi, 243p.
_ccm.
650 _aPOLITICAL SCIENCE
942 _hW6:(Z,171), P7
_cTEXL
_2cc
999 _c999847
_d999847